000 00206 a2200085 4500
005 20260417085821.0
020 _a9781847628701
245 _aBTEC First : principles of applied science
260 _bCGP : UK
_c2012
999 _c216619
_d216619